1774 1814 1613 1203 1703 1681 1696 1897 1362 1663 1340 1888 1167 1597 1622 1498 1679 1213 1393 1610 1757 1649 1201 1925 1086 1654 1645 1011 1944 1574 1767 1962 1383 1738 1591 1872 1640 1800 1065 1405 1312 1578 1600 1769 1197 1109 1415 1410 1245 1573 1496 1183 1965 1978 1707 1181 1441 1976 1349 1585 1086 1511 1764 1299 1068 1845 1317 1701 1010 1311 1060 1736 1252 1543 1456 1148 1822 1044 1580 1595 1216 1213 1467 1816 1593 1195 1620 1155 1643 1474 1827 1641 1282 1233 1028 1510 1267 1780 1639 BCNSPRNW ULIB Ver.6.0+V

เปลี่ยนเป็นภาษาไทย

Change to English
 แสดงรายละเอียดบรรณานุกรม
  กลับหน้าหลัก

Brief Record : Get Marc (ISO 2709) : E-mail record : QR code < ปิดหน้าต่าง
LEADER : 00000nam 2200000uu 4500
001    13399121270
003     ULIB
008    121113s2551||||th 000 0 tha d
020    ^a9789741374243
050  4 ^aPE1116.M4^bป328บ ล.1
100 0  ^aประพิศ พงษ์พานิช
245 10 ^aFun & games in learning medical English book 1 :^bdoctors,nurses, medical students, everyone involved in health care: แบบฝึกหัดภาษาอังกฤษสำหรับบุคลากรทางการแพทย์ /^c[ประพิศ พงษ์พานิช, บ๊อบ ก๊อดสัน]
250    ^aพิมพ์ครั้งที่ 1
260    ^aกรุงเทพฯ :^bเจ้าพระยาระบบการพิมพ์,^c2551
300    ^a123 หน้า :^bภาพประกอบ ;^c22 ซม.
650  4 ^aภาษาอังกฤษ^xบทสนทนาและวลี (สำหรับบุคลากรทางการแพทย์)
650  4 ^aภาษาอังกฤษ^xการใช้ภาษา^xแบบฝึกหัด
653    ^aOpen Your Eyes Project
700 1  ^aก๊อดสัน, บ๊อบ
945    ^p150^l0^i14978
995    ^aวิภา
999 ^a ทศพร
รายการนี้ยังไม่มีแท็ก
คุณยังไม่ได้ล็อกอิน คุณสามารถมีกิจกรรมร่วมกับเว็บไซต์ได้ แต่ต้องล็อกอินก่อน ::
  ล็อกอิน

รายการสื่อสารสนเทศ

ลำดับที่ ประเภท เลขเรียก/บาร์โค้ด สถานที่ สถานะ
1. วิทยาศาสตร์การแพทย์ และสุขภาพ
วิทยาศาสตร์การแพทย์ และสุขภาพ
PE1116.M4 ป328บ ล.1  
  Barcode: 14978
ห้องสมุดวิทยาเขตสวรรค์ประชารักษ์
►หนังสือทั่วไป
บนชั้น

รายการใกล้เคียง
    ผู้แต่ง [ประพิศ พงษ์พานิช]

BibComment


ยังไม่เคยถูกคอมเมนท์

คอมเมนท์ทรัพยากรรายการนี้
  คอมเมนท์: Fun games in le..


 Copyright 2026. Bcnsprnw @Library